01113nas a2200289 4500001001000000003000900010005001700019007000300036008003400039040005400073041000900127072000800136100001800144100001400162100003300176245015700209650001000366650001100376650002000387650001600407650001400423773016000437909004000597942001800637999001900655952014900674BR0705230BR-BrBNA20231205111148.0ta230509b bl.|||p| |||| 00| 00por d aBR-BrBNAbporcBiblioteca Nacional de Agricultura a(Pt) aL511 aVeiga, J.S.M.1 aPrada, F.1 aMendonça Júnior, C.X. de1 aDigestibilidade aparente de rações contendo fezes de coelho - Oryctola - Gus Cuniculus, (Linnaeus, 1758)em ratos (Rattus Norvergicus -Linneus, 1758) aFEZES aCOELHO aDIGESTIBILIDADE aRATO BRANCO aRAÇÃO0 tRevista da Faculdade de Medicina Veterinária e Zootecnia da Universidade de São Paulo (Brazil)xISSN 0303-7525 g(1979), v. 16(1-2) p. 11-15wBR0705230 a202311bLúciac55dLúcia Elande 2AGRISn0cANA c191045d191045 002AGRIS4071a41918b41918cPeriódicos Agrícolash(1979), v. 16(1-2) p. 11-15l0r2023-11-29t01yCRePortaria Interministerial nº 164/94